| 000 | 02060cam a2200433 a 4500 | ||
|---|---|---|---|
| 001 | 434562463 | ||
| 003 | OCoLC | ||
| 005 | 20150408114045.0 | ||
| 008 | 120623s2011 stka f 001 0 eng | ||
| 015 |
_aGBA984106 _2bnb |
||
| 020 | _a9780443068027 | ||
| 020 | _a | ||
| 020 | _a | ||
| 035 |
_a(OCoLC)434562463 _z(OCoLC)432980885 _z(OCoLC)499055173 |
||
| 040 |
_aNLM _cMU _dUKM _dYDXCP _dOHS _dCOU _dVAM _dCGU _dIUL _dBTCTA _dMXC |
||
| 042 | _apcc | ||
| 050 | 4 |
_a _b |
|
| 060 | 0 | 0 | _a |
| 060 | 1 | 0 |
_a _b |
| 082 | 0 | 4 |
_a611.018 W H B _222 |
| 245 | 0 | 0 |
_aWheater's basic pathology : _ba text, atlas, and review of histopathology. |
| 246 | 1 | 3 | _aBasic pathology. |
| 250 |
_a5th ed. / _b[edited by] Barbara Young, William Stewart, Geraldine O'Dowd. |
||
| 260 |
_a[Edinburgh] : _bChurchill Livingstone/Elsevier, _cc2011. |
||
| 300 |
_ax, 337 p.: _bill.; _c30 cm. |
||
| 500 | _aRev. ed. of: Wheater's basic histopathology / [edited] by Alan Stevens, James S. Lowe, Barbara Young ; drawings by Philip J. Deakin. 2002. | ||
| 500 | _aIncludes index. | ||
| 505 | 0 | _aCellular responses to injury -- Acute inflammation, healing and repair -- Chronic inflammation -- Infections of histological importance -- Amyloidosis -- Disorders of growth -- Dysplasia and neoplasia -- Atherosclerosis -- Thrombosis and embolism -- Infarction -- Cardiovascular system -- Respiratory system -- Gastrointestinal system -- Liver and pancreaticobiliary system -- Urinary system -- Lymphoid and haematopoietic systems -- Female reproductive system -- Breast -- Male reproductive system -- Endocrine system -- Skin -- Bone and soft tissues -- Nervous system. | |
| 650 | 1 | 2 |
_aHistology _vAtlases. |
| 650 | 1 | 2 |
_aPathology _vAtlases. |
| 650 | 0 | _aHistology, Pathological. | |
| 650 | 0 |
_aHistology, Pathological _vAtlases. _99358 |
|
| 700 | 1 |
_aYoung, Barbara, _cPh. D. _99356 |
|
| 700 | 1 |
_aStewart, William, _cBSC (Hons) _99361 |
|
| 700 | 1 |
_aO'Dowd, Geraldine. _99359 |
|
| 700 | 1 |
_aWheater, Paul R. _99360 |
|
| 730 | 0 |
_aWheater's basic histopathology. _915824 |
|
| 942 |
_2ddc _cDVD |
||
| 999 |
_c24145 _d258645 |
||